| 000 | 00960nam a22002777a 4500 | ||
|---|---|---|---|
| 001 | 4919 | ||
| 003 | FISKH | ||
| 005 | 20250709112757.0 | ||
| 008 | 241025b cb ||||| |||| 00| 0 eng d | ||
| 020 | _a0590478346 | ||
| 040 |
_aFISKH _beng _cFISKH _dFISKH |
||
| 050 | _aPZ7.A73394 | ||
| 082 | _a823.9 | ||
| 100 | _aArmstrong, William H. | ||
| 245 |
_aSounder / _cby William H. Armstronge : illustrated by James Barkley |
||
| 260 |
_aNew York : _bScholastic ; _c1969 . |
||
| 300 |
_a116 pages : _billustrations ; _c20 cm . |
||
| 505 | _aZ | ||
| 520 | _aAngry and humiliated when his sharecropper father is jailed for stealing food for his family, a young black boy grows in courage and understanding by learning to read and with the help of the devoted dog Sounder. | ||
| 521 | 8 |
_a900
_bLexile |
|
| 521 | 8 |
_aZ
_bRaz-Plus |
|
| 650 |
_aanimals _vfiction |
||
| 700 |
_aBarkley, James _eillustrator |
||
| 942 |
_2ddc _cBK _n0 |
||
| 999 |
_c4919 _d4919 |
||